| 000 | 00464nam a2200145 a 4500 | ||
|---|---|---|---|
| 001 | 000031868 | ||
| 005 | 20250401130908.0 | ||
| 008 | 110707s1997 dr a 000 0 spa d | ||
| 040 |
_aDO-SdBNP _bspa _cBNPHU |
||
| 110 | 2 |
_aPrograma de las Naciones Unidas para el Desarrollo _9187 |
|
| 245 | 1 | 4 |
_aLos informes sobre desarrollo humano : _bun resumen informativo 1990-1997. |
| 260 |
_aSanto Domingo : _bPNUD, _c1997. |
||
| 300 |
_a52 p. : _bil. ; _c28 cm. |
||
| 049 | _aBNPD | ||
| 999 |
_c31360 _d31360 |
||